[Event "AUTO-MASTER-3000"]
[Site "http://www.queenalice.com/game.php?id=1630519"]
[Date "2020.10.21"]
[Round "1"]
[White "rafaelp"]
[Black "junipero"]
[Result "1-0"]
[WhiteElo "2042"]
[BlackElo "2102"]

1. e4 c5 2. Nf3 d6 3. Nc3 e5 4. Bc4 h6 5. O-O Nf6 6. d3 Be7 7. Re1 O-O 8. a3 a6
9. Ne2 b5 10. Ba2 Bb7 11. Be3 Nc6 12. Ng3 Rc8 13. Nf5 Na5 14. Qd2 Re8 15. Bxh6
gxh6 16. Qxh6 Nh5 17. Qxh5 Bf6 18. Bxf7+ Kf8 19. Bxe8 Qxe8 20. Qxe8+ Rxe8 21.
Nxd6 Re6 22. Nxb7 Nxb7 23. c3 Rd6 24. Red1 Ke7 25. c4 Na5 26. b4 cxb4 27. c5 Rc6
28. axb4 Nb3 29. Rab1 Nd4 30. Nxd4 exd4 31. g3 Ke6 32. h4 Be5 33. f4 Bf6 34. Ra1
Bd8 35. Rd2 a5 36. Rb2 axb4 37. Rxb4 Rxc5 38. Rxd4 Bb6 39. Kf1 Rc3 40. Rd5 b4
41. Ra6 Rc6 42. Rb5 Rc1+ 43. Ke2 Rc2+ 44. Kd1 Rg2 45. Raxb6+ Kd7 46. Rg6 Rb2 47.
Rb7+ Kc8 48. Rh7 1-0

[Event "AUTO-MASTER-3000"]
[Site "http://www.queenalice.com/game.php?id=1630520"]
[Date "2020.10.21"]
[Round "1"]
[White "junipero"]
[Black "rafaelp"]
[Result "1-0"]
[WhiteElo "2135"]
[BlackElo "2053"]

1. d4 Nf6 2. c4 e6 3. Nc3 Bb4 4. Bd2 Bxc3 5. Bxc3 d5 6. e3 O-O 7. Nf3 Nc6 8. a3
a6 9. c5 Re8 10. b4 Ne4 11. Bb2 Na7 12. Bd3 Nf6 13. O-O Bd7 14. Ne5 Nc6 15. h3
b6 16. Nxd7 Qxd7 17. Qc2 Ne7 18. Rac1 Rec8 19. Qb1 Nc6 20. b5 Nb8 21. c6 Qe8 22.
a4 axb5 23. axb5 Qe7 24. Qc2 g6 25. Ra1 Rxa1 26. Rxa1 Ne8 27. Ba3 Qf6 28. Qa4
Rd8 29. Qa7 e5 30. Bb2 e4 31. Be2 Qd6 32. Ba3 Qe6 33. Bb4 f5 34. Qb7 Qc8 35. Ra8
Qxb7 36. cxb7 Nd6 37. Bxd6 cxd6 38. g4 Kf8 39. gxf5 gxf5 40. Bh5 Ke7 41. f3 Nd7
42. fxe4 fxe4 43. Bg4 Rb8 44. Bxd7 Rxb7 45. Bc6 Rc7 46. Rb8 Ra7 47. Rxb6 Ra3 48.
Kf2 Ra2+ 49. Kg3 Re2 50. Bxd5 Rxe3+ 51. Kg4 Re1 52. Rb7+ Kf6 53. Rxh7 e3 54. Kf3
Kf5 55. Re7 Rh1 56. Rxe3 Rxh3+ 57. Ke2 Rh8 58. b6 Rb8 59. b7 Kf6 60. Rc3 Ke7 61.
Rc8 Rxb7 62. Bxb7 Ke6 63. Ke3 d5 64. Rd8 Ke7 65. Rxd5 Kf7 66. Kf4 Kg7 67. Rf5
Kg8 68. Rf6 Kg7 69. Kg5 Kg8 70. Kg6 Kh8 71. Rf8# 1-0

[Event "AUTO-MASTER-3000"]
[Site "http://www.queenalice.com/game.php?id=1630521"]
[Date "2020.10.21"]
[Round "1"]
[White "rafaelp"]
[Black "Rexy"]
[Result "1-0"]
[WhiteElo "2011"]
[BlackElo "2380"]

1. e4 c5 2. Nf3 d6 3. Nc3 Nf6 4. d4 cxd4 5. Nxd4 a6 6. Nf3 Nbd7 7. Be2 b5 8. a3
Bb7 9. Bd3 e6 10. O-O Be7 11. Re1 O-O 12. Ne2 Nxe4 13. Bxe4 Bxe4 14. Ng3 Bg6 15.
Bf4 Nb6 16. b3 Rc8 17. Re2 Nd5 18. Bd2 Bxc2 19. Qe1 Bxb3 20. Be3 Bc4 21. Rd2 f5
22. Ne2 e5 23. Rdd1 Nxe3 24. fxe3 Qb6 25. Qf2 Be6 26. h3 a5 27. Rdc1 b4 28. axb4
axb4 29. Rcb1 g5 30. Nh2 Rc2 31. Rc1 b3 32. Rxc2 bxc2 33. Qg3 Bc4 34. Qf2 Qb2
35. Rf1 Bxe2 36. Qxe2 c1=Q 37. Qd3 Qc6 38. Rf2 Qbc1+ 39. Rf1 Q1c5 40. Nf3 g4 41.
hxg4 fxg4 42. Nh2 Rxf1+ 43. Nxf1 Qd7 44. Qe4 Qe6 45. Qa8+ Kg7 46. Qe4 Qc3 47. g3
Qe1 48. Qd3 Qf7 49. e4 1-0

[Event "AUTO-MASTER-3000"]
[Site "http://www.queenalice.com/game.php?id=1630522"]
[Date "2020.10.21"]
[Round "1"]
[White "Rexy"]
[Black "rafaelp"]
[Result "1-0"]
[WhiteElo "2244"]
[BlackElo "2040"]

1. e4 e5 2. Nf3 Nc6 3. Bc4 h6 4. O-O Nf6 5. d4 d6 6. dxe5 Nxe4 7. Re1 Bf5 8.
exd6 Bxd6 9. Qd5 Qd7 10. Rxe4+ Bxe4 11. Qxe4+ Be7 12. Nc3 f5 13. Qe1 Nd4 14.
Nxd4 Qxd4 15. Nd5 Qc5 16. b4 Qd6 17. Bf4 Qd8 18. Nxc7+ Kf8 19. Qe6 Qe8 20. Nxe8
Kxe8 21. Rd1 Rf8 22. Bb5# 1-0

[Event "AUTO-MASTER-3000"]
[Site "http://www.queenalice.com/game.php?id=1630523"]
[Date "2020.10.21"]
[Round "1"]
[White "rafaelp"]
[Black "Torbencarlsen"]
[Result "0-1"]
[WhiteElo "2018"]
[BlackElo "2358"]

1. e4 d6 2. d4 g6 3. Nf3 Nf6 4. Nc3 Bg7 5. Be2 O-O 6. O-O Bg4 7. Nd2 Bxe2 8.
Qxe2 Nc6 9. d5 Nd4 10. Qd1 c5 11. Nf3 Qb6 12. Re1 e6 13. dxe6 fxe6 14. Rb1 Ng4
15. Be3 Nxf3+ 16. gxf3 Nxe3 17. Rxe3 Bd4 18. Rd3 Be5 19. Na4 Qd8 20. Kg2 c4 21.
Rd2 Qg5+ 22. Kf1 Qh5 23. Nc3 Qxh2 24. Ke2 Rxf3 25. Qf1 Qh5 26. Ke1 Rh3 27. Ne2
Rh1 28. Ng1 Bh2 29. Ne2 Rxf1+ 30. Kxf1 Rf8 31. Nd4 Bg3 32. Re1 Rxf2+ 33. Rxf2
Qh1+ 34. Ke2 Qxe4+ 35. Kf1 Qxd4 36. Rfe2 Qh4 37. Kg1 Bxe1 38. Rxe6 Qg3+ 39. Kh1
Bf2 0-1

[Event "AUTO-MASTER-3000"]
[Site "http://www.queenalice.com/game.php?id=1630524"]
[Date "2020.10.21"]
[Round "1"]
[White "Torbencarlsen"]
[Black "rafaelp"]
[Result "1-0"]
[WhiteElo "2341"]
[BlackElo "2058"]

1. c4 Nf6 2. d4 e6 3. Nf3 Nc6 4. g3 d5 5. Bg2 dxc4 6. Qa4 Qd5 7. O-O Bd7 8. Nc3
Qd6 9. Nb5 Nd8 10. Nxd6+ Bxd6 11. Qxc4 O-O 12. Ne5 Bc6 13. Nxc6 Nxc6 14. Bxc6
bxc6 15. Qxc6 a5 16. e4 e5 17. f4 exd4 18. e5 Bxe5 19. fxe5 Ng4 20. e6 fxe6 21.
Qxe6+ Kh8 22. Rxf8+ Rxf8 23. Qxg4 c5 24. Bd2 a4 25. Re1 h6 26. Bxh6 gxh6 27. Re6
Kh7 28. Re7+ Kh8 29. Qg7# 1-0

[Event "Challenge"]
[Site "http://www.queenalice.com/game.php?id=1758415"]
[Date "2021.5.4"]
[Round "-"]
[White "JORAM2205"]
[Black "rafaelp"]
[Result "1-0"]
[WhiteElo "2077"]
[BlackElo "2032"]

1. d4 Nf6 2. e3 e6 3. Bd3 d5 4. Nd2 Nc6 5. Ndf3 Be7 6. Bd2 O-O 7. Ne2 Re8 8. Ng5
h6 9. Nf3 a5 10. c3 b6 11. O-O Ba6 12. Bxa6 Rxa6 13. Qa4 Nb8 14. c4 dxc4 15.
Qxc4 c6 16. Ne5 Qc8 17. Qd3 b5 18. a4 Rd8 19. axb5 cxb5 20. Bxa5 Re8 21. Qxb5
Kf8 22. Rfc1 Rxa5 23. Rxa5 Qd8 24. Ra8 Bd6 25. Nc6 Bxh2+ 26. Kxh2 Qd6+ 27. Ne5
Nd5 28. Qb7 Ne7 29. Rc7 f6 30. Qxb8 Kg8 31. Qxe8+ Kh7 32. Qh8# 1-0

[Event "AUTO-OPEN-4307"]
[Site "http://www.queenalice.com/game.php?id=1769328"]
[Date "2021.9.10"]
[Round "1"]
[White "rafaelp"]
[Black "e4d4sf3"]
[Result "1-0"]
[WhiteElo "2026"]
[BlackElo "1866"]

1. e4 e5 2. Nf3 Nc6 3. Bc4 Bc5 4. d3 d6 5. Ng5 Nh6 6. Qf3 O-O 7. Qg3 Nd4 8. Bb3
Nxb3 9. axb3 f5 10. h4 Ng4 11. Nh3 fxe4 12. dxe4 Nxf2 13. Bh6 Bg4 14. Rf1 Nxh3
15. Qxg4 Rxf1+ 16. Kxf1 1-0

[Event "AUTO-OPEN-4307"]
[Site "http://www.queenalice.com/game.php?id=1769329"]
[Date "2021.9.10"]
[Round "1"]
[White "e4d4sf3"]
[Black "rafaelp"]
[Result "0-1"]
[WhiteElo "1876"]
[BlackElo "2016"]

1. e4 e5 2. Nf3 Nc6 3. Bb5 Nf6 4. O-O Be7 5. d4 exd4 6. e5 Ng8 7. Bf4 a6 8. Bd3
d6 9. Re1 dxe5 10. Nxe5 Nf6 11. Qe2 O-O 12. Nxc6 bxc6 13. Qxe7 Ra7 14. Qxd8 Rxd8
15. Bg5 Re8 16. Nd2 Re6 0-1

[Event "AUTO-OPEN-4307"]
[Site "http://www.queenalice.com/game.php?id=1769332"]
[Date "2021.9.10"]
[Round "1"]
[White "rafaelp"]
[Black "clovis"]
[Result "1-0"]
[WhiteElo "2043"]
[BlackElo "2143"]

1. e4 e5 2. Nf3 Nc6 3. Bc4 Nf6 4. Nc3 Nxe4 5. Nxe4 d5 6. Bxd5 Qxd5 7. d3 Bg4 8.
O-O Nd4 9. c4 Qc6 10. Nxd4 Qxe4 11. dxe4 Bxd1 12. Rxd1 exd4 13. Rxd4 Bc5 14. Rd5
b6 15. Bf4 c6 16. Re5+ Be7 17. Be3 f6 18. Rf5 O-O-O 19. Rc1 Rd3 20. Rf3 Rhd8 21.
Rf1 Bc5 22. b3 Bxe3 23. Rxe3 Rxe3 24. fxe3 Rd2 25. Rf2 Rd3 26. Re2 Kd7 27. Kf2
Ke6 28. Kf3 Ke5 29. g4 Rd1 30. h4 Kd6 31. Rf2 Kc5 32. Kf4 Re1 33. g5 fxg5+ 34.
hxg5 a5 35. Rd2 Rf1+ 36. Kg3 a4 37. Kg2 Rb1 38. e5 a3 39. Rd3 Rb2+ 40. Kf3 Rxa2
41. e6 1-0

[Event "AUTO-OPEN-4307"]
[Site "http://www.queenalice.com/game.php?id=1769333"]
[Date "2021.9.10"]
[Round "1"]
[White "clovis"]
[Black "rafaelp"]
[Result "1-0"]
[WhiteElo "2108"]
[BlackElo "2036"]

1. e4 e5 2. Nf3 Nc6 3. Bc4 h6 4. O-O Nf6 5. Nc3 d6 6. d4 Be7 7. Be3 O-O 8. Qe2
exd4 9. Nxd4 a6 10. Rad1 Bg4 11. f3 Bh5 12. Nf5 Ne5 13. Nxe7+ Qxe7 14. Bb3 b5
15. Qd2 Bg6 16. Bxh6 gxh6 17. Qxh6 Nh7 18. f4 Ng4 19. Qxg6+ Kh8 20. Qxg4 Rg8 21.
Qh5 Rg7 22. Rf3 Rag8 23. Nd5 Rxg2+ 24. Kh1 Qxe4 25. Nf6 Qg6 26. Qxh7+ Qxh7 27.
Nxh7 Kxh7 28. Rh3+ Kg6 29. Kxg2 Kf5+ 30. Kf3 Rg7 31. Re1 f6 32. Rg3 Rh7 33. Be6#
1-0

[Event "Challenge"]
[Site "http://www.queenalice.com/game.php?id=1777841"]
[Date "2021.12.20"]
[Round "-"]
[White "rafaelp"]
[Black "JORAM2205"]
[Result "0-1"]
[WhiteElo "2023"]
[BlackElo "2129"]

1. e4 e5 2. Nf3 Nc6 3. Nc3 Nf6 4. Bb5 Nd4 5. Bc4 Bc5 6. Nxe5 O-O 7. O-O d6 8.
Nf3 Bg4 9. Be2 Nxe2+ 10. Qxe2 d5 11. exd5 Nxd5 12. Ne4 Re8 13. d3 f5 14. Bg5 Qc8
15. Qd1 fxe4 16. dxe4 Nb6 17. Re1 Qe6 18. Bf4 Na4 19. b3 Rad8 20. Qc1 Nc3 21.
Bxc7 Rd1 22. Rxd1 Ne2+ 23. Kf1 Nxc1 24. Raxc1 Ba3 25. Rb1 Rc8 26. Bg3 Qxe4 27.
c4 Bxf3 28. gxf3 Qxf3 29. Kg1 Qe2 30. Re1 Qxa2 31. Ra1 Qd2 32. Red1 Qc2 33. Rab1
Bb2 34. b4 Rxc4 35. Rd8+ Kf7 36. Rd7+ Kg6 37. Rd6+ Bf6 38. Rbd1 Qb2 39. R1d2
Qxb4 40. h4 a5 41. R2d5 Qe1+ 42. Kg2 Rc1 43. h5+ Kf7 44. Rd7+ Kg8 45. Kf3 Qh1+
46. Kg4 Qe4+ 47. f4 Qe2+ 48. Kf5 Rh1 49. Re5 Qxh5+ 50. Ke6 Qe8+ 51. Kd6 Rd1+ 52.
Rd5 Qc8 53. Rc7 Qd8+ 54. Rd7 Qb6# 0-1

[Event "AUTO-OPEN-4358"]
[Site "http://www.queenalice.com/game.php?id=1785536"]
[Date "2022.3.24"]
[Round "1"]
[White "zhiii00"]
[Black "rafaelp"]
[Result "1-0"]
[WhiteElo "2318"]
[BlackElo "2035"]

1. b3 e5 2. Bb2 Nc6 3. c4 Nf6 4. d3 d6 5. e3 Be7 6. Nf3 Bg4 7. Nbd2 O-O 8. Be2
Bxf3 9. Bxf3 Rb8 10. O-O Re8 11. a3 h6 12. b4 a6 13. Qb3 Qd7 14. Nb1 Bd8 15. Nc3
b5 16. Qa2 a5 17. cxb5 Na7 18. a4 axb4 19. Nd5 Nxd5 20. Bxd5 c6 21. bxc6 Nxc6
22. Qc4 Na7 23. Qe4 Bf6 24. Rfc1 Nc8 25. Bc6 Qd8 26. Bxe8 Qxe8 27. Qc6 Qe6 28.
a5 Na7 29. Qc7 Ra8 30. Qb7 Qe8 31. Rc4 b3 32. Qxb3 Nc6 33. Qb6 Rc8 34. a6 d5 35.
Rcc1 Bd8 36. Qb5 Kf8 37. a7 Nxa7 38. Qxe8+ Kxe8 39. Rxa7 Rb8 40. Bxe5 Rb3 41.
Bxg7 Rxd3 42. Bxh6 Bb6 43. Rb7 Ba5 44. h4 d4 45. Rc8+ Bd8 46. Rbb8 dxe3 47.
Rxd8+ Rxd8 48. Rxd8+ 1-0

[Event "AUTO-OPEN-4358"]
[Site "http://www.queenalice.com/game.php?id=1785537"]
[Date "2022.3.24"]
[Round "1"]
[White "rafaelp"]
[Black "zhiii00"]
[Result "0-1"]
[WhiteElo "2030"]
[BlackElo "2322"]

1. e4 c5 2. Nf3 Nc6 3. Nc3 d6 4. Bb5 g6 5. O-O Bg7 6. d3 Bd7 7. Bxc6 bxc6 8. Re1
e5 9. Bg5 f6 10. Bh4 Nh6 11. a4 O-O 12. b3 Qe8 13. Ne2 f5 14. exf5 Nxf5 15. Rb1
Rb8 16. Ng3 Nxh4 17. Nxh4 g5 18. Nf3 Bg4 19. Re3 Qg6 20. h3 Bd7 21. c3 h5 22. d4
g4 23. hxg4 hxg4 24. Nh2 cxd4 25. cxd4 exd4 26. Re4 d5 27. Re7 Rf7 28. Rxf7 Kxf7
29. Qe1 c5 30. Qd1 c4 31. Nhf1 c3 32. Rc1 d3 33. Ne3 d4 34. Nc4 Kg8 35. Na3 Be6
36. Nc4 c2 37. Qe1 Bxc4 38. bxc4 Bh6 39. Ra1 d2 40. Qe5 Rb1+ 41. Rxb1 cxb1=Q+
42. Nf1 d1=Q 43. Qd5+ Kh7 44. Qd7+ Bg7 45. c5 Qxf1+ 46. Kh2 Qh5+ 47. Kg3 Qbd3+
0-1

[Event "AUTO-OPEN-4358"]
[Site "http://www.queenalice.com/game.php?id=1785562"]
[Date "2022.3.24"]
[Round "1"]
[White "rafaelp"]
[Black "Jailt0nMendes"]
[Result "0-1"]
[WhiteElo "2049"]
[BlackElo "2105"]

1. e4 c5 2. Nf3 d6 3. d4 cxd4 4. Nxd4 Nf6 5. Nc3 a6 6. Be2 e5 7. Nf3 Be7 8. O-O
O-O 9. Re1 Nc6 10. Bg5 h6 11. Bh4 Be6 12. h3 Qc7 13. a4 Rab8 14. Bxf6 Bxf6 15.
Rb1 Rfd8 16. Bd3 Nb4 17. Qd2 Nxd3 18. cxd3 b5 19. axb5 axb5 20. b4 Rdc8 21. Rec1
Qb6 22. Ra1 Ra8 23. Rab1 Ra3 24. Ra1 Rcxc3 25. Rxa3 Rxa3 26. Rf1 d5 27. Re1 dxe4
28. dxe4 Ra2 29. Qe3 Qxe3 30. fxe3 Rb2 31. Kh2 Rxb4 32. Nd2 Rb2 33. Nb1 Bh4 34.
Nc3 Bxe1 35. Nd1 Rb1 36. Nc3 Bxc3 37. Kg3 b4 38. h4 b3 39. Kf3 Rf1+ 40. Ke2 Bc4#
0-1

[Event "AUTO-OPEN-4358"]
[Site "http://www.queenalice.com/game.php?id=1785563"]
[Date "2022.3.24"]
[Round "1"]
[White "Jailt0nMendes"]
[Black "rafaelp"]
[Result "1-0"]
[WhiteElo "2073"]
[BlackElo "2065"]

1. e4 e5 2. Nf3 Nc6 3. Bb5 Nf6 4. O-O d6 5. d4 Bd7 6. d5 Ne7 7. Bxd7+ Qxd7 8.
Re1 Ng6 9. c4 Be7 10. Nc3 O-O 11. h3 a5 12. Be3 c6 13. Rc1 b5 14. dxc6 Qxc6 15.
cxb5 Qb7 16. a4 Nxe4 17. Nxe4 Qxe4 18. Rc7 Rfc8 19. b6 Rxc7 20. bxc7 Qc6 21. Qc1
Qb7 22. Qc3 Bf6 23. Rc1 Ne7 24. Bg5 Bxg5 25. Nxg5 h6 26. Nf3 Rc8 27. Qxa5 Qxb2
28. Rc4 Qb7 29. Qb5 Qa7 30. Qd7 Rf8 31. Qxe7 Rc8 32. Qd8+ Rxd8 33. cxd8=Q+ Kh7
34. a5 f6 35. Rc7 Qa6 36. Qe7 Kg6 37. Qxg7+ Kf5 38. Qg4# 1-0

[Event "AUTO-OPEN-4307"]
[Site "http://www.queenalice.com/game.php?id=1785872"]
[Date "2022.3.30"]
[Round "2"]
[White "rafaelp"]
[Black "maxchessbr"]
[Result "0-1"]
[WhiteElo "2026"]
[BlackElo "2335"]

1. e4 c5 2. Nf3 d6 3. d4 cxd4 4. Nxd4 Nf6 5. Nc3 a6 6. Be2 Nc6 7. Nf3 g6 8. O-O
Bg7 9. Bg5 O-O 10. Bxf6 Bxf6 11. Rb1 Bxc3 12. bxc3 Qa5 13. Qd2 Qxa2 14. Ng5 Qa5
15. Bc4 Ne5 16. Bb3 Kg7 17. Ra1 Qc5 18. Rfe1 Bd7 19. Bd5 Rab8 20. Qe3 Qxe3 21.
Rxe3 e6 22. Bb3 Bc6 23. h3 h6 24. Nf3 Nxf3+ 25. gxf3 Rfd8 26. Kh2 d5 27. Rd1
dxe4 28. Rxd8 Rxd8 29. fxe4 g5 30. Kg3 Rd1 31. f3 Rd2 32. Rd3 Re2 33. c4 Kg6 34.
h4 a5 35. hxg5 a4 36. Ba2 Rxc2 37. Bb1 Rb2 38. Rd1 hxg5 39. f4 gxf4+ 40. Kxf4
Kf6 41. e5+ Ke7 42. Bd3 Rf2+ 43. Kg3 Rf3+ 44. Kg4 Rf2 45. Kg3 Rb2 46. Ra1 Rb3
0-1

[Event "AUTO-OPEN-4307"]
[Site "http://www.queenalice.com/game.php?id=1785873"]
[Date "2022.3.30"]
[Round "2"]
[White "maxchessbr"]
[Black "rafaelp"]
[Result "1-0"]
[WhiteElo "2215"]
[BlackElo "2069"]

1. d4 Nf6 2. Nf3 e6 3. e3 d5 4. Bd3 Nc6 5. a3 Be7 6. O-O O-O 7. Nbd2 Re8 8. b3
Bf8 9. Bb2 Bd6 10. Ne5 Bxe5 11. dxe5 Nd7 12. f4 a5 13. Nf3 h6 14. g4 b6 15. g5
hxg5 16. Nxg5 f6 17. Qh5 fxg5 18. fxg5 Nf8 19. Rf7 Re7 20. Rxf8+ Qxf8 21. Qh7+
Kf7 22. Bg6# 1-0